000 01128nam a2200325 i 4500
005 20220317001725.0
008 170328s2016 ck a gs 000 0 spa d
020 _a9580471606
020 _a9789580471608
040 _aCO-BoRNBP
_bspa
_cCO-BoRNBP
_erda
041 _aspa
100 1 _aHeredia, María Fernanda,
_d1970-
_eautora
245 1 0 _aAmigo se escribe con H
_cMaría Fernanda Heredia ; ilustraciones de Carlos Manuel Díaz
250 _aPrimera edición
264 1 _aBogotá
_bNorma
_c2016
300 _a134 páginas
_bilustraciones en blanco y negro
_c20 cm
_e1 cuaderno de actividades
336 _atexto
_btxt
_2rdacontent
337 _asin mediación
_bn
_2rdamedia
338 _avolumen
_bnc
_2rdacarrier
490 _aTorre de papel : azul
586 _aPremio Norma - Fundalectura 2003
650 1 4 _aNovela juvenil ecuatoriana
_ySiglo XX
_2LEMB
650 1 4 _aLiteratura juvenil ecuatoriana
_ySiglo XX
_2LEMB
650 1 4 _aAmor
_vNovela
_2LEMB
650 1 4 _aAmistad
_vNovela
_2LEMB
650 1 4 _aVida escolar
_vNovela
_2LEMB
700 1 _aDíaz, Carlos Manuel
_916289
942 _2loc
_cBKLIT
084 _aN HER12
999 _c7867
_d7867